Dag Hammarskjold and crisis diplomacy / (Record no. 13239)
[ view plain ]
| 000 -LEADER | |
|---|---|
| fixed length control field | 00773nam a22001937a 4500 |
| 008 - FIXED-LENGTH DATA ELEMENTS--GENERAL INFORMATION | |
| fixed length control field | 100201t xxu||||| |||| 00| 0 eng d |
| 082 ## - DEWEY DECIMAL CLASSIFICATION NUMBER | |
| Edition number | 19 |
| Classification number | 327.9 |
| Item number | MIL |
| 100 ## - MAIN ENTRY--PERSONAL NAME | |
| 9 (RLIN) | 10782 |
| Personal name | Miller, Richard I. |
| Dates associated with a name | 1929- |
| Fuller form of name | (Richard Isaac), |
| 245 ## - TITLE STATEMENT | |
| Title | Dag Hammarskjold and crisis diplomacy / |
| Statement of responsibility, etc | By Richard I. Miller. |
| 260 ## - PUBLICATION, DISTRIBUTION, ETC. (IMPRINT) | |
| Place of publication, distribution, etc | [New York]: |
| Name of publisher, distributor, etc | Oceana Publications, |
| Date of publication, distribution, etc | c.[1961]. |
| 300 ## - PHYSICAL DESCRIPTION | |
| Extent | 344p.; |
| Other physical details | 22cm. |
| 500 ## - GENERAL NOTE | |
| General note | Includes Index. |
| 500 ## - GENERAL NOTE | |
| General note | Donations. |
| 500 ## - GENERAL NOTE | |
| General note | Donated By: Alaa Abdel Ghaney. |
| 650 ## - SUBJECT ADDED ENTRY--TOPICAL TERM | |
| 9 (RLIN) | 10781 |
| Topical term or geographic name as entry element | Hammarskjöld, Dag, 1905-1961. |
| 650 ## - SUBJECT ADDED ENTRY--TOPICAL TERM | |
| 9 (RLIN) | 10795 |
| Topical term or geographic name as entry element | World Politics. |
| Topical term following geographic name as entry element | 1965- |
| 942 ## - ADDED ENTRY ELEMENTS (KOHA) | |
| Source of classification or shelving scheme | Dewey Decimal Classification |
| Item type | Book - Borrowing |
| Withdrawn status | Item status | Source of classification or shelving scheme | Damaged status | Not for loan | Home library | Current library | Shelving location | Date acquired | Total Checkouts | Full call number | Barcode | Date last seen | Date last borrowed | Koha item type | Public note |
|---|---|---|---|---|---|---|---|---|---|---|---|---|---|---|---|
| Dewey Decimal Classification | Central Library | Central Library | First floor | 01/02/2010 | 1 | 327.9 MIL | 000019563 | 15/07/2025 | 04/04/2019 | Book - Borrowing | Donated By: Alaa abdel ghaney. |